[Event "ROM-ch U14"]
[Site "Calimanesti"]
[Date "2018.04.02"]
[Round "8"]
[White "Magold, Victor"]
[Black "Plugaru, Rares"]
[Result "1-0"]
[WhiteElo "1940"]
[BlackElo "1862"]
[PlyCount "139"]
[EventDate "2018.03.27"]
[EventType "swiss"]
[EventRounds "9"]
[EventCountry "ROU"]
[SourceTitle "CBM 183 Extra"]
[Source "ChessBase"]
[SourceDate "2018.04.19"]
[SourceVersion "1"]
[SourceVersionDate "2018.04.19"]
[SourceQuality "1"]

1. c4 e5 2. g3 Nc6 3. Bg2 f5 4. a3 a5 5. Nc3 Nf6 6. e3 g6 7. Nge2 Bg7 8. 0-0 0-0 9. d4 d6 10. Rb1 Ne7 11. dxe5 dxe5 12. Qc2 c6 13. Rd1 Qc7 14. b4 Be6 15. Na4 Rfd8 16. Bb2 axb4 17. axb4 b6 18. c5 b5 19. Nb6 Rab8 20. Nc3 e4 21. Bf1 Nfd5 22. Ncxd5 Nxd5 23. Bxg7 Qxg7 24. Nxd5 Rxd5 25. Rxd5 Bxd5 26. Rd1 Qe5 27. Rd4 Ra8 28. Qd1 Bf7 29. Kg2 Ra2 30. Rd6 Qb2 31. Rd8+ Kg7 32. Qd4+ Qxd4 33. Rxd4 Rb2 34. Rd6 Be8 35. Rd8 Kf8 36. Rd4 Ke7 37. g4 Bd7 38. gxf5 gxf5 39. Kg3 Be6 40. h4 Bd7 41. f3 exf3 42. Kxf3 Be6 43. Bd3 Bd5+ 44. Kg3 Rg2+ 45. Kh3 Rf2 46. Bxb5 Rf3+ 47. Kh2 Rxe3 48. Ba4 Rc3 49. Kg1 h6 50. Kf2 Rf3+ 51. Ke1 Re3+ 52. Kd2 Re4 53. Kd3 Rxd4+ 54. Kxd4 f4 55. Bd1 Bg2 56. Bc2 Bd5 57. b5 Kd7 58. b6 Kc8 59. Bd3 Kb7 60. Ke5 f3 61. Kf4 Kc8 62. Ke3 Kd7 63. Bf5+ Kd8 64. Bg4 Bc4 65. Bxf3 Bb5 66. Kf4 Kd7 67. Kf5 Ba6 68. Kg6 Bb7 69. Kxh6 Ke7 70. Kg7 1-0

[Event "EU Union-ch U10"]
[Site "Kouty nad Desnou"]
[Date "2014.09.01"]
[Round "6"]
[White "Plugaru, Rares"]
[Black "Ronai, Akos Balazs"]
[Result "1-0"]
[WhiteElo "1619"]
[BlackElo "1702"]
[PlyCount "120"]
[EventDate "2014.08.27"]
[EventType "swiss"]
[EventRounds "9"]
[EventCountry "CZE"]
[SourceTitle "CBM 162 Extra"]
[Source "ChessBase"]
[SourceDate "2014.10.17"]
[SourceVersion "1"]
[SourceVersionDate "2014.10.17"]
[SourceQuality "1"]

1. d4 g6 2. e4 Bg7 3. Nf3 d6 4. h3 Nc6 5. Nc3 Nf6 6. Bc4 0-0 7. 0-0 e5 8. dxe5 dxe5 9. Qxd8 Rxd8 10. Bg5 h6 11. Bxf6 Bxf6 12. Nd5 Bg7 13. Nxc7 Rb8 14. c3 Na5 15. Bb3 Nxb3 16. axb3 a6 17. Nd5 Be6 18. c4 f5 19. Nc3 fxe4 20. Nxe4 Bf5 21. Rfe1 Rbc8 22. g4 Bxe4 23. Rxe4 Rd3 24. Nxe5 Bxe5 25. Rxe5 Rxb3 26. c5 Rxb2 27. Rd1 Rc2 28. Rd7 R2xc5 29. Ree7 R5c6 30. Rxb7 Ra8 31. Rg7+ Kf8 32. Rh7 Kg8 33. Rxh6 a5 34. Rhh7 a4 35. Rbg7+ Kf8 36. Rh8+ Kxg7 37. Rxa8 Rc4 38. Kg2 Kf6 39. Ra5 g5 40. Kg3 Rc3+ 41. f3 a3 42. Rf5+ Kg6 43. Ra5 Kf6 44. Rf5+ Kg6 45. h4 gxh4+ 46. Kxh4 a2 47. Ra5 Rc2 48. f4 Rh2+ 49. Kg3 Rc2 50. Ra6+ Kg7 51. Kh4 Kh7 52. Kg5 Rd2 53. Ra7+ Kg8 54. f5 Kf8 55. Kg6 Ke8 56. f6 Kd8 57. f7 Rd7 58. Ra8+ Kc7 59. f8Q Rd6+ 60. Qxd6+ Kxd6 1-0

[Event "EU Union-ch U10"]
[Site "Kouty nad Desnou"]
[Date "2014.08.27"]
[Round "1"]
[White "Bauer, Jan"]
[Black "Plugaru, Rares"]
[Result "0-1"]
[WhiteElo "1920"]
[BlackElo "1619"]
[PlyCount "78"]
[EventDate "2014.08.27"]
[EventType "swiss"]
[EventRounds "9"]
[EventCountry "CZE"]
[SourceTitle "CBM 162 Extra"]
[Source "ChessBase"]
[SourceDate "2014.10.17"]
[SourceVersion "1"]
[SourceVersionDate "2014.10.17"]
[SourceQuality "1"]

1. e4 e5 2. Nf3 Nc6 3. Bc4 Bc5 4. Nc3 Nf6 5. d3 h6 6. Be3 Bb6 7. Qd2 0-0 8. 0-0-0 Bxe3 9. fxe3 d6 10. d4 Bd7 11. Bb5 a6 12. Bxc6 Bxc6 13. d5 Bd7 14. h3 b5 15. a3 a5 16. Qd3 b4 17. Nb1 Qb8 18. g4 Bb5 19. c4 bxc3 20. Qxc3 Nxe4 21. Qc2 Nc5 22. Nc3 Bc4 23. Qb1 Nb3+ 24. Kc2 e4 25. Ne1 Qb6 26. Nxe4 Be2 27. Rd2 Nxd2 28. Kxd2 Bc4 29. g5 Bxd5 30. gxh6 Bxe4 31. Qxe4 Qxb2+ 32. Nc2 Qe5 33. Qd3 gxh6 34. Nd4 Rae8 35. Nf5 Qe4 36. Qc3 Qg2+ 37. Kd3 Re5 38. Nxh6+ Kh7 39. Qc1 Rd5+ 0-1

[Event "ROM-ch U10"]
[Site "Calimanesti"]
[Date "2014.04.13"]
[Round "9"]
[White "Plugaru, Rares"]
[Black "Serban, Cristian Stefan"]
[Result "1-0"]
[WhiteElo "1539"]
[BlackElo "1464"]
[PlyCount "91"]
[EventDate "2014.04.06"]
[EventType "swiss"]
[EventRounds "9"]
[EventCountry "ROU"]
[SourceTitle "CBM 160 Extra"]
[Source "ChessBase"]
[SourceDate "2014.07.01"]
[SourceVersion "1"]
[SourceVersionDate "2014.07.01"]
[SourceQuality "1"]

1. d4 d5 2. Nf3 c6 3. e3 Nf6 4. Bd3 Bg4 5. 0-0 e6 6. h3 Bh5 7. Nbd2 Bd6 8. c4 0-0 9. b3 Nbd7 10. Bb2 c5 11. Qc2 Bg6 12. Ne5 Bxd3 13. Qxd3 Qc7 14. f4 Rac8 15. g4 Rfd8 16. Ndf3 Ne4 17. Nd2 Nxd2 18. Qxd2 f6 19. Nxd7 Qxd7 20. cxd5 exd5 21. dxc5 Bxc5 22. Rac1 Qe7 23. Bd4 Bxd4 24. Qxd4 Rxc1 25. Rxc1 b6 26. Rd1 Kh8 27. e4 Qa3 28. Rd2 Qc5 29. Qxc5 bxc5 30. Rxd5 Rxd5 31. exd5 Kg8 32. Kf2 Kf7 33. Ke3 Ke7 34. Kd3 Kd6 35. Kc4 a6 36. a3 a5 37. Kb5 Kxd5 38. Kxa5 c4 39. bxc4+ Kxc4 40. Kb6 Kb3 41. Kc7 Kxa3 42. Kd6 Kb3 43. Ke6 Kc3 44. Kf7 Kd4 45. Kxg7 Ke4 46. f5 1-0

[Event "ROM-ch U10"]
[Site "Calimanesti"]
[Date "2014.04.11"]
[Round "7"]
[White "Vilcu, Matei Stefan"]
[Black "Plugaru, Rares"]
[Result "0-1"]
[WhiteElo "1299"]
[BlackElo "1539"]
[PlyCount "58"]
[EventDate "2014.04.06"]
[EventType "swiss"]
[EventRounds "9"]
[EventCountry "ROU"]
[SourceTitle "CBM 160 Extra"]
[Source "ChessBase"]
[SourceDate "2014.07.01"]
[SourceVersion "1"]
[SourceVersionDate "2014.07.01"]
[SourceQuality "1"]

1. b3 d5 2. Bb2 e6 3. e3 Nf6 4. c4 c5 5. Nf3 Bd6 6. d4 0-0 7. Be2 b6 8. Nc3 Bb7 9. 0-0 Ne4 10. Qc2 f5 11. Rfd1 Kh8 12. Kf1 Nc6 13. dxc5 bxc5 14. cxd5 Nb4 15. Qc1 Nxd5 16. Nxd5 exd5 17. Qc2 Qc7 18. Kg1 Rae8 19. Rac1 Re6 20. Bf1 Rh6 21. h3 f4 22. Qe2 fxe3 23. fxe3 Bg3 24. Ne5 Bxe5 25. Bxe5 Qxe5 26. Qb5 Bc6 27. Qa5 Qg3 28. Re1 Rxh3 29. Re2 Qh2# 0-1

[Event "ROM-ch U10"]
[Site "Calimanesti"]
[Date "2013.04.07"]
[Round "8"]
[White "Plugaru, Rares"]
[Black "Padurariu, Mihai Edward"]
[Result "0-1"]
[WhiteElo "1206"]
[BlackElo "1498"]
[PlyCount "138"]
[EventDate "2013.04.02"]
[EventType "swiss"]
[EventRounds "9"]
[EventCountry "ROU"]
[SourceTitle "CBM 153 Extra"]
[Source "ChessBase"]
[SourceDate "2013.04.22"]
[SourceVersion "1"]
[SourceVersionDate "2013.04.22"]
[SourceQuality "1"]

1. e4 c5 2. Nf3 Nc6 3. c3 d5 4. exd5 Qxd5 5. d4 cxd4 6. cxd4 Bg4 7. Be2 e6 8. 0-0 Nf6 9. h3 Bh5 10. Nc3 Qd8 11. Bb5 Rc8 12. Be3 a6 13. Be2 Be7 14. Rc1 0-0 15. Qd2 Nb4 16. a3 Nbd5 17. Ne5 Bxe2 18. Nxd5 Nxd5 19. Qxe2 Bd6 20. Rxc8 Qxc8 21. Rc1 Qd8 22. Nd3 Qb8 23. Nc5 Rc8 24. Ne4 Rxc1+ 25. Bxc1 Qc8 26. Bd2 Be7 27. Nc3 Nxc3 28. Bxc3 Bxa3 29. Qe5 Bf8 30. d5 exd5 31. Qxd5 b5 32. Qd4 Qc5 33. Qxc5 Bxc5 34. b4 Bb6 35. Kf1 f6 36. Ke2 Kf7 37. f3 Ke6 38. Kd3 Bc7 39. Bd4 Be5 40. Bc5 Bd6 41. Kd4 Kd7 42. Kd5 Bxc5 43. Kxc5 Kc7 44. f4 f5 45. g4 g6 46. gxf5 gxf5 47. Kd5 h6 48. Ke5 Kc6 49. Kxf5 Kd7 50. Kg6 a5 51. bxa5 b4 52. a6 Kc6 53. f5 b3 54. f6 b2 55. f7 b1Q+ 56. Kg7 Qb2+ 57. Kg8 Qg2+ 58. Kh8 Qf3 59. Kg7 Qg3+ 60. Kxh6 Qxh3+ 61. Kg7 Qg4+ 62. Kh7 Qf5+ 63. Kg7 Qg5+ 64. Kh7 Qf6 65. Kg8 Qg6+ 66. Kf8 Kd7 67. a7 Ke6 68. Ke8 Qxf7+ 69. Kd8 Qd7# 0-1

[Event "ROM-ch U10"]
[Site "Calimanesti"]
[Date "2013.04.02"]
[Round "1"]
[White "Plugaru, Rares"]
[Black "Ungureanu, Alexandru Daniel"]
[Result "1-0"]
[WhiteElo "1206"]
[BlackElo "1490"]
[PlyCount "27"]
[EventDate "2013.04.02"]
[EventType "swiss"]
[EventRounds "9"]
[EventCountry "ROU"]
[SourceTitle "CBM 153 Extra"]
[Source "ChessBase"]
[SourceDate "2013.04.22"]
[SourceVersion "1"]
[SourceVersionDate "2013.04.22"]
[SourceQuality "1"]

1. e4 g6 2. Nf3 Bg7 3. d4 d6 4. h3 a6 5. Bf4 b5 6. c4 bxc4 7. Bxc4 Bb7 8. Nc3 Nd7 9. Qb3 Rb8 10. Bxf7+ Kf8 11. Qe6 Bc8 12. Bxg8 Rxg8 13. Ng5 Ne5 14. Nxh7+ 1-0